Podnikové financie

Guardado en:
Detalles Bibliográficos
Autor principal: Markovič, Peter, 1974-
Autor Corporativo: Fakulta podnikového manažmentu EU. Katedra podnikových financií
Formato: Libro
Lenguaje:eslovaco
Publicado: Bratislava IURA EDITION 2005
Edición:verzia 2.0
Colección:Ekonómia
Materias:
Etiquetas: Agregar Etiqueta
Sin Etiquetas, Sea el primero en etiquetar este registro!

MARC

LEADER 00000nam$a2200000$$$4500
001 0046165
005 20240502071533.6
041 0 |a slo 
044 |a SK 
245 1 0 |a Podnikové financie  |c Peter Markovič 
250 |a verzia 2.0 
264 1 |a Bratislava  |b IURA EDITION  |c 2005 
300 |a CD-ROM 
490 1 |a Ekonómia 
830 0 |a Ekonómia 
610 2 0 |a financie podnikové 
610 2 0 |a riadenie podnikové 
610 2 0 |a zdroje finančné 
610 2 0 |a podpora podnikania 
610 2 0 |a majetok 
610 2 0 |a investície finančné 
610 2 0 |a analýza finančná 
610 2 0 |a plánovanie finančné 
100 1 |a Markovič, Peter, 1974- 
710 2 |a Fakulta podnikového manažmentu EU. Katedra podnikových financií